000 00747nam a2200217 i 4500
001 100102
003 ES-MaACL
005 20250915063044.0
007 t|
008 050921s1975 sp ||||1| spa d
100 1 _aMartínez Val, José María,
_d1916-
_978455
245 1 0 _aHistoria del pensamiento :
_bpolítico, económico, social /
_cJosé Mª Martínez Val.
260 _aBarcelona :
_bBosch,
_c1975.
300 _a2 v. ;
_c22 cm.
505 8 _aContiene: 1. Desde los orígenes a Hobbes (257 p.) - 2. Desde Locke a nuestro tiempo (286 p.)
650 4 _aPolítica-
_vHistoria.
_9172015
650 0 0 _aEconomía-
_vHistoria.
_912012
650 4 _aSociología-
_vHistoria.
_917200
852 _aES-MaACL
_jE-9741-42
999 _c100102
_d100102